<?xml version="1.0" encoding="UTF-8"?>
<collection xmlns="http://www.loc.gov/MARC21/slim">
 <record>
  <leader>00946nam a22002175a 4500</leader>
  <controlfield tag="001">CEM.cems020808</controlfield>
  <controlfield tag="008">240221s1990####xx############000#0#und#d</controlfield>
  <controlfield tag="005">20240221120736.0</controlfield>
  <datafield tag="245" ind1="1" ind2="0">
   <subfield code="a">La diosa negra /</subfield>
   <subfield code="c">Mariano Vara ; ilustrado por Pilar Giménez Avilés.</subfield>
  </datafield>
  <datafield tag="260" ind1=" " ind2=" ">
   <subfield code="a">Zaragoza :</subfield>
   <subfield code="b">Edelvives,</subfield>
   <subfield code="c">199?</subfield>
  </datafield>
  <datafield tag="300" ind1=" " ind2=" ">
   <subfield code="a">136 p.</subfield>
  </datafield>
  <datafield tag="490" ind1="1" ind2=" ">
   <subfield code="a">Ala delta ;</subfield>
   <subfield code="v">120</subfield>
  </datafield>
  <datafield tag="500" ind1=" " ind2=" ">
   <subfield code="a">A partir de 11 años.</subfield>
  </datafield>
  <datafield tag="520" ind1=" " ind2=" ">
   <subfield code="a">Un chico viaja a Perú en compañía de sus padres. En Machi Picchu se queda solo y, de manera misteriosa, es trasladado a una ciudad secreta de los incas. Sus habitantes siguen viviendo de acuerdo con las viejas costumbres y conservan aún su dignidad y parte de su esplendor.</subfield>
  </datafield>
  <datafield tag="020" ind1=" " ind2=" ">
   <subfield code="a">9788426319258</subfield>
  </datafield>
  <datafield tag="100" ind1="1" ind2=" ">
   <subfield code="a">Vara, Mariano.</subfield>
  </datafield>
  <datafield tag="700" ind1="1" ind2=" ">
   <subfield code="a">Giménez Avilés, Pilar; il.</subfield>
  </datafield>
  <datafield tag="653" ind1=" " ind2=" ">
   <subfield code="a">Literatura española</subfield>
  </datafield>
  <datafield tag="653" ind1=" " ind2=" ">
   <subfield code="a">Literatura juvenil</subfield>
  </datafield>
  <datafield tag="653" ind1=" " ind2=" ">
   <subfield code="a">Novela infantil</subfield>
  </datafield>
  <datafield tag="859" ind1=" " ind2=" ">
   <subfield code="a">CEMS</subfield>
   <subfield code="b">BIB. CEMS - Inicial y Primaria</subfield>
   <subfield code="h">863.4</subfield>
   <subfield code="i">V42</subfield>
   <subfield code="k">IP</subfield>
   <subfield code="p">1289</subfield>
   <subfield code="t">Ej.1</subfield>
  </datafield>
 </record>
</collection>
